[Event "Ekstraliga 2019"]
[Site "Katowice"]
[Date "2019.09.03"]
[Round "7.13"]
[White "Harikrishna, Pentala"]
[Black "Wojtaszek, Radoslaw"]
[Result "1/2-1/2"]
[BlackElo "2739"]
[WhiteElo "2738"]
[WhiteTeam "VOTUM SA Polonia Wroclaw"]
[BlackTeam "Wasko HETMAN GKS Katowice"]
[LiveChessVersion "1.4.8"]

1. d4 {[%clk 1:30:57]} Nf6 {[%clk 1:30:56]} 2. c4 {[%clk 1:31:21]} e6
{[%clk 1:31:23]} 3. g3 {[%clk 1:31:40]} Bb4+ {[%clk 1:31:48]} 4. Nd2
{[%clk 1:31:58]} c5 {[%clk 1:32:10]} 5. Ngf3 {[%clk 1:32:23]} cxd4
{[%clk 1:32:13]} 6. Nxd4 {[%clk 1:32:48]} Nc6 {[%clk 1:32:20]} 7. Nc2
{[%clk 1:33:11]} Be7 {[%clk 1:32:36]} 8. Bg2 {[%clk 1:33:35]} O-O
{[%clk 1:32:50]} 9. O-O {[%clk 1:33:39]} d5 {[%clk 1:28:58]} 10. cxd5
{[%clk 1:34:01]} exd5 {[%clk 1:21:44]} 11. Nf3 {[%clk 1:33:59]} Bf5
{[%clk 1:21:31]} 12. Ncd4 {[%clk 1:32:37]} Be4 {[%clk 1:20:36]} 13. b3
{[%clk 1:31:42]} Nxd4 {[%clk 1:17:21]} 14. Qxd4 {[%clk 1:30:48]} a6
{[%clk 1:10:48]} 15. Bd2 {[%clk 1:25:13]} Rc8 {[%clk 1:07:28]} 16. Rac1
{[%clk 1:24:07]} Rxc1 {[%clk 1:01:02]} 17. Rxc1 {[%clk 1:21:09]} Ba3
{[%clk 1:01:28]} 18. Rf1 {[%clk 1:17:17]} Qd6 {[%clk 0:55:31]} 19. Qc3
{[%clk 1:07:55]} Qc5 {[%clk 0:43:40]} 20. Qxc5 {[%clk 1:05:07]} Bxc5
{[%clk 0:44:06]} 21. Rc1 {[%clk 1:05:07]} Bb6 {[%clk 0:42:51]} 22. a4
{[%clk 0:56:32]} a5 {[%clk 0:43:15]} 23. b4 {[%clk 0:51:29]} Ng4 {[%clk 0:27:09]}
24. e3 {[%clk 0:26:43]} axb4 {[%clk 0:26:15]} 25. Bxb4 {[%clk 0:27:07]} Ra8
{[%clk 0:26:19]} 26. a5 {[%clk 0:25:56]} Bd8 {[%clk 0:26:45]} 27. Nd4
{[%clk 0:23:19]} Ne5 {[%clk 0:24:26]} 28. Bxe4 {[%clk 0:18:35]} dxe4
{[%clk 0:23:50]} 29. Rc5 {[%clk 0:18:38]} Nd3 {[%clk 0:16:07]} 30. Rb5
{[%clk 0:18:14]} Nxb4 {[%clk 0:11:30]} 31. Rxb4 {[%clk 0:18:26]} Bxa5
{[%clk 0:11:57]} 32. Rxb7 {[%clk 0:18:48]} g6 {[%clk 0:12:17]} 33. Re7
{[%clk 0:18:05]} f5 {[%clk 0:12:02]} 34. h4 {[%clk 0:16:08]} Bc3 {[%clk 0:11:59]}
35. Ne6 {[%clk 0:14:18]} Bf6 {[%clk 0:11:45]} 36. Rb7 {[%clk 0:14:14]} Re8
{[%clk 0:11:42]} 37. Nf4 {[%clk 0:12:54]} Re7 {[%clk 0:12:07]} 38. Rb6
{[%clk 0:11:48]} Be5 {[%clk 0:11:58]} 39. Ne6 {[%clk 0:10:37]} Kf7
{[%clk 0:05:08]} 40. Ng5+ {[%clk 0:40:40]} Kg7 {[%clk 0:35:11]} 41. Kg2
{[%clk 0:39:53]} Rd7 {[%clk 0:31:45]} 42. Re6 {[%clk 0:38:05]} Bf6
{[%clk 0:31:13]} 43. Nh3 {[%clk 0:36:59]} Kf7 {[%clk 0:30:03]} 44. Ra6
{[%clk 0:37:19]} Re7 {[%clk 0:30:04]} 45. Ng5+ {[%clk 0:36:01]} Bxg5
{[%clk 0:30:19]} 46. hxg5 {[%clk 0:36:25]} Kg7 {[%clk 0:30:36]} 47. Rb6
{[%clk 0:36:23]} 1/2-1/2

[Event "Ekstraliga 2019"]
[Site "Katowice"]
[Date "2019.09.03"]
[Round "7.14"]
[White "Duda, Jan-Krzysztof"]
[Black "Bartel, Mateusz"]
[Result "1-0"]
[BlackElo "2612"]
[WhiteElo "2730"]
[WhiteTeam "Wasko HETMAN GKS Katowice"]
[BlackTeam "VOTUM SA Polonia Wroclaw"]
[LiveChessVersion "1.4.8"]

1. c4 {[%clk 1:30:55]} e5 {[%clk 1:30:52]} 2. g3 {[%clk 1:31:17]} Nf6
{[%clk 1:31:01]} 3. Bg2 {[%clk 1:31:24]} Bc5 {[%clk 1:31:00]} 4. Nc3
{[%clk 1:29:33]} O-O {[%clk 1:31:26]} 5. Nf3 {[%clk 1:21:56]} Re8
{[%clk 1:31:51]} 6. Nxe5 {[%clk 1:15:39]} Bxf2+ {[%clk 1:31:12]} 7. Kxf2
{[%clk 1:16:01]} Rxe5 {[%clk 1:31:39]} 8. d4 {[%clk 1:11:03]} Re8
{[%clk 1:28:06]} 9. h3 {[%clk 1:08:52]} d6 {[%clk 1:15:11]} 10. g4
{[%clk 1:03:50]} Nc6 {[%clk 1:11:50]} 11. g5 {[%clk 0:54:56]} Nd7
{[%clk 1:10:47]} 12. h4 {[%clk 0:54:57]} Nf8 {[%clk 1:02:49]} 13. b3
{[%clk 0:43:57]} Bg4 {[%clk 0:59:45]} 14. Qd2 {[%clk 0:36:18]} a5
{[%clk 0:46:34]} 15. h5 {[%clk 0:28:15]} a4 {[%clk 0:40:50]} 16. bxa4
{[%clk 0:13:21]} h6 {[%clk 0:32:00]} 17. gxh6 {[%clk 0:09:53]} Qf6+
{[%clk 0:27:24]} 18. Qf4 {[%clk 0:10:10]} Qxd4+ {[%clk 0:27:31]} 19. Qxd4
{[%clk 0:10:35]} Nxd4 {[%clk 0:27:56]} 20. hxg7 {[%clk 0:09:19]} Kxg7
{[%clk 0:28:18]} 21. Bxb7 {[%clk 0:07:41]} Rab8 {[%clk 0:28:22]} 22. Rg1
{[%clk 0:07:02]} f5 {[%clk 0:28:43]} 23. Bf3 {[%clk 0:07:26]} Nfe6
{[%clk 0:27:44]} 24. Bxg4 {[%clk 0:03:05]} fxg4 {[%clk 0:28:11]} 25. Rxg4+
{[%clk 0:03:28]} Kh7 {[%clk 0:26:27]} 26. Rb1 {[%clk 0:03:44]} Rf8+
{[%clk 0:26:55]} 27. Ke1 {[%clk 0:03:55]} Rbe8 {[%clk 0:27:23]} 28. Be3
{[%clk 0:00:59]} Nc2+ {[%clk 0:21:13]} 29. Kd2 {[%clk 0:01:28]} Nxe3
{[%clk 0:21:36]} 30. Kxe3 {[%clk 0:01:56]} Rf5 {[%clk 0:21:32]} 31. Re4
{[%clk 0:01:41]} Rxh5 {[%clk 0:21:26]} 32. Nd5 {[%clk 0:01:58]} Rh6
{[%clk 0:21:18]} 33. Nf4 {[%clk 0:01:11]} Kg7 {[%clk 0:21:47]} 34. Rb7
{[%clk 0:00:45]} Kf6 {[%clk 0:22:07]} 35. Rxe6+ {[%clk 0:00:37]} Rxe6+
{[%clk 0:22:30]} 36. Nxe6 {[%clk 0:01:03]} Kxe6 {[%clk 0:22:45]} 37. Rxc7
{[%clk 0:01:04]} Rh3+ {[%clk 0:23:11]} 38. Kd4 {[%clk 0:00:53]} Ra3
{[%clk 0:23:33]} 39. Ra7 {[%clk 0:01:20]} Rxa2 {[%clk 0:23:57]} 40. e3
{[%clk 0:31:03]} Rd2+ {[%clk 0:53:37]} 41. Kc3 {[%clk 0:30:15]} Re2
{[%clk 0:53:59]} 42. Kd3 {[%clk 0:30:40]} Ra2 {[%clk 0:54:23]} 43. a5
{[%clk 0:27:55]} d5 {[%clk 0:53:45]} 44. cxd5+ {[%clk 0:25:14]} Kxd5
{[%clk 0:53:47]} 45. a6 {[%clk 0:25:34]} Ra3+ {[%clk 0:53:09]} 46. Ke2
{[%clk 0:25:51]} Kc5 {[%clk 0:53:37]} 47. Ra8 {[%clk 0:26:06]} Kb6
{[%clk 0:54:00]} 48. Kf3 {[%clk 0:24:37]} Rc3 {[%clk 0:51:21]} 49. Kf4
{[%clk 0:24:28]} Rc1 {[%clk 0:51:48]} 50. e4 {[%clk 0:24:50]} Rf1+
{[%clk 0:52:12]} 51. Ke5 {[%clk 0:25:12]} Rh1 {[%clk 0:52:38]} 52. Kd5
{[%clk 0:25:35]} 1-0

[Event "Ekstraliga 2019"]
[Site "Katowice"]
[Date "2019.09.03"]
[Round "7.15"]
[White "Mastrovasilis, Dimitrios"]
[Black "Navara, David"]
[Result "1/2-1/2"]
[BlackElo "2724"]
[WhiteElo "2594"]
[WhiteTeam "VOTUM SA Polonia Wroclaw"]
[BlackTeam "Wasko HETMAN GKS Katowice"]
[LiveChessVersion "1.4.8"]

1. e4 {[%clk 1:30:56]} e5 {[%clk 1:30:57]} 2. Nf3 {[%clk 1:31:14]} Nc6
{[%clk 1:31:21]} 3. Nc3 {[%clk 1:31:28]} Nf6 {[%clk 1:31:46]} 4. d4
{[%clk 1:31:47]} exd4 {[%clk 1:32:10]} 5. Nxd4 {[%clk 1:32:07]} Bb4
{[%clk 1:32:28]} 6. Nxc6 {[%clk 1:32:17]} bxc6 {[%clk 1:32:52]} 7. Bd3
{[%clk 1:32:35]} O-O {[%clk 1:30:14]} 8. O-O {[%clk 1:32:55]} Re8
{[%clk 1:30:37]} 9. Bg5 {[%clk 1:30:04]} Rb8 {[%clk 1:29:11]} 10. Qf3
{[%clk 1:27:51]} Bd6 {[%clk 1:26:26]} 11. Rab1 {[%clk 1:27:53]} Be5
{[%clk 1:25:42]} 12. Bf4 {[%clk 1:26:03]} Qe7 {[%clk 1:08:15]} 13. Bxe5
{[%clk 1:12:14]} Qxe5 {[%clk 1:08:25]} 14. Qg3 {[%clk 1:11:01]} Qxg3
{[%clk 1:08:32]} 15. hxg3 {[%clk 1:11:22]} d6 {[%clk 1:08:58]} 16. f3
{[%clk 1:07:51]} h5 {[%clk 1:09:13]} 17. b4 {[%clk 0:58:10]} Nd7 {[%clk 0:59:00]}
18. b5 {[%clk 0:39:48]} Bb7 {[%clk 0:59:12]} 19. bxc6 {[%clk 0:35:41]} Bxc6
{[%clk 0:59:34]} 20. Nb5 {[%clk 0:35:45]} Bxb5 {[%clk 0:49:08]} 21. Bxb5
{[%clk 0:35:58]} Rbd8 {[%clk 0:49:31]} 22. Bxd7 {[%clk 0:23:05]} Rxd7
{[%clk 0:49:48]} 23. Rb7 {[%clk 0:22:58]} a6 {[%clk 0:48:50]} 24. Ra7
{[%clk 0:20:40]} d5 {[%clk 0:48:47]} 25. Rd1 {[%clk 0:17:34]} Red8
{[%clk 0:48:56]} 26. Rxd5 {[%clk 0:09:50]} Rxd5 {[%clk 0:49:10]} 27. exd5
{[%clk 0:10:16]} Rxd5 {[%clk 0:49:32]} 28. Rxa6 {[%clk 0:10:18]} Rc5
{[%clk 0:49:49]} 29. Ra8+ {[%clk 0:10:32]} Kh7 {[%clk 0:50:14]} 30. a4
{[%clk 0:10:39]} Rxc2 {[%clk 0:50:39]} 31. Rc8 {[%clk 0:10:51]} Kg6
{[%clk 0:50:36]} 32. a5 {[%clk 0:11:14]} Ra2 {[%clk 0:50:55]} 33. Rxc7
{[%clk 0:11:38]} 1/2-1/2

[Event "Ekstraliga 2019"]
[Site "Katowice"]
[Date "2019.09.03"]
[Round "7.16"]
[White "Gajewski, Grzegorz"]
[Black "Gumularz, Szymon"]
[Result "1/2-1/2"]
[BlackElo "2501"]
[WhiteElo "2613"]
[WhiteTeam "Wasko HETMAN GKS Katowice"]
[BlackTeam "VOTUM SA Polonia Wroclaw"]
[LiveChessVersion "1.4.8"]

1. d4 {[%clk 1:30:54]} Nf6 {[%clk 1:30:54]} 2. c4 {[%clk 1:31:18]} e6
{[%clk 1:31:21]} 3. Nf3 {[%clk 1:31:41]} d5 {[%clk 1:31:47]} 4. g3
{[%clk 1:32:02]} Be7 {[%clk 1:29:47]} 5. Bg2 {[%clk 1:32:24]} O-O
{[%clk 1:30:13]} 6. Nc3 {[%clk 1:32:48]} Nbd7 {[%clk 1:28:35]} 7. O-O
{[%clk 1:28:33]} dxc4 {[%clk 1:28:47]} 8. Qc2 {[%clk 1:28:58]} c6
{[%clk 1:27:02]} 9. a4 {[%clk 1:22:44]} a5 {[%clk 1:22:05]} 10. Rd1
{[%clk 1:22:30]} Nd5 {[%clk 1:02:06]} 11. e4 {[%clk 1:14:06]} Nb4
{[%clk 0:58:35]} 12. Qe2 {[%clk 1:13:59]} Nd3 {[%clk 0:45:38]} 13. Be3
{[%clk 1:08:39]} b5 {[%clk 0:44:07]} 14. axb5 {[%clk 1:06:24]} cxb5
{[%clk 0:43:49]} 15. Nxb5 {[%clk 1:06:39]} Ba6 {[%clk 0:37:47]} 16. Nc3
{[%clk 1:06:44]} Rb8 {[%clk 0:38:08]} 17. Ra2 {[%clk 1:06:09]} Nb4
{[%clk 0:36:17]} 18. Raa1 {[%clk 1:06:27]} Nd3 {[%clk 0:36:41]} 19. Rd2
{[%clk 1:04:00]} Rb3 {[%clk 0:35:00]} 20. Ne1 {[%clk 1:00:31]} Bb4
{[%clk 0:13:14]} 21. Nxd3 {[%clk 0:55:51]} cxd3 {[%clk 0:13:39]} 22. Qd1
{[%clk 0:55:54]} Bc4 {[%clk 0:12:56]} 23. Rxd3 {[%clk 0:52:44]} Nb6
{[%clk 0:06:58]} 24. Rd2 {[%clk 0:46:52]} a4 {[%clk 0:06:11]} 25. Nxa4
{[%clk 0:42:18]} Bxd2 {[%clk 0:05:21]} 26. Qxd2 {[%clk 0:41:30]} Qa8
{[%clk 0:03:40]} 27. Qc1 {[%clk 0:38:54]} Nxa4 {[%clk 0:03:27]} 28. Qxc4
{[%clk 0:39:22]} Nxb2 {[%clk 0:03:52]} 29. Qf1 {[%clk 0:38:19]} Qb8
{[%clk 0:03:41]} 30. e5 {[%clk 0:38:00]} Qb5 {[%clk 0:03:01]} 31. Qc1
{[%clk 0:31:12]} Qc4 {[%clk 0:02:27]} 32. Qd2 {[%clk 0:31:04]} Qd3
{[%clk 0:02:15]} 33. Qc1 {[%clk 0:29:32]} Rfb8 {[%clk 0:01:52]} 34. Bf1
{[%clk 0:27:59]} Qc3 {[%clk 0:01:38]} 35. Qxc3 {[%clk 0:25:32]} Rxc3
{[%clk 0:02:06]} 36. Ra7 {[%clk 0:25:59]} h6 {[%clk 0:01:53]} 37. d5
{[%clk 0:26:00]} Rxe3 {[%clk 0:00:35]} 38. fxe3 {[%clk 0:25:38]} exd5
{[%clk 0:01:02]} 39. Rd7 {[%clk 0:10:31]} 1/2-1/2

[Event "Ekstraliga 2019"]
[Site "Katowice"]
[Date "2019.09.03"]
[Round "7.17"]
[White "Tazbir, Marcin"]
[Black "Miton, Kamil"]
[Result "1-0"]
[BlackElo "2589"]
[WhiteElo "2521"]
[WhiteTeam "VOTUM SA Polonia Wroclaw"]
[BlackTeam "Wasko HETMAN GKS Katowice"]
[LiveChessVersion "1.4.8"]

1. e4 {[%clk 1:30:45]} Nf6 {[%clk 1:30:48]} 2. e5 {[%clk 1:31:07]} Nd5
{[%clk 1:31:12]} 3. d4 {[%clk 1:31:27]} d6 {[%clk 1:31:29]} 4. exd6
{[%clk 1:29:54]} cxd6 {[%clk 1:29:18]} 5. c4 {[%clk 1:29:54]} Nb6
{[%clk 1:29:26]} 6. Nc3 {[%clk 1:30:18]} g6 {[%clk 1:29:24]} 7. Be3
{[%clk 1:30:42]} Bg7 {[%clk 1:29:48]} 8. Qd2 {[%clk 1:31:06]} Nc6
{[%clk 1:18:16]} 9. h3 {[%clk 1:11:22]} d5 {[%clk 0:55:28]} 10. c5
{[%clk 1:01:03]} e5 {[%clk 0:43:48]} 11. Nf3 {[%clk 0:42:35]} exd4
{[%clk 0:32:51]} 12. Nxd4 {[%clk 0:41:16]} Nc4 {[%clk 0:32:14]} 13. Nxc6
{[%clk 0:30:31]} Nxd2 {[%clk 0:29:43]} 14. Nxd8 {[%clk 0:30:55]} Nxf1
{[%clk 0:30:08]} 15. Bf4 {[%clk 0:30:07]} Bxc3+ {[%clk 0:28:00]} 16. bxc3
{[%clk 0:30:27]} Kxd8 {[%clk 0:28:20]} 17. O-O-O {[%clk 0:29:27]} Ke7
{[%clk 0:18:03]} 18. Bd6+ {[%clk 0:19:12]} Kf6 {[%clk 0:17:25]} 19. Re1
{[%clk 0:17:04]} Kg7 {[%clk 0:14:08]} 20. Re7 {[%clk 0:14:53]} Rd8
{[%clk 0:12:55]} 21. Rxf1 {[%clk 0:12:51]} b6 {[%clk 0:09:34]} 22. Rfe1
{[%clk 0:11:51]} bxc5 {[%clk 0:06:42]} 23. Bxc5 {[%clk 0:12:10]} Bd7
{[%clk 0:06:40]} 24. R1e5 {[%clk 0:08:42]} Bb5 {[%clk 0:04:27]} 25. Bxa7
{[%clk 0:06:11]} Kg8 {[%clk 0:04:27]} 26. Rc7 {[%clk 0:04:12]} Rd7
{[%clk 0:03:51]} 27. Rxd7 {[%clk 0:02:57]} Bxd7 {[%clk 0:04:13]} 28. Bd4
{[%clk 0:03:24]} Bc6 {[%clk 0:02:15]} 29. Re7 {[%clk 0:02:52]} Bb5
{[%clk 0:02:25]} 30. g4 {[%clk 0:02:34]} h6 {[%clk 0:01:55]} 31. h4
{[%clk 0:02:19]} Kf8 {[%clk 0:01:30]} 32. Rb7 {[%clk 0:01:56]} Be2
{[%clk 0:01:27]} 33. Bc5+ {[%clk 0:01:46]} Kg8 {[%clk 0:01:02]} 34. g5
{[%clk 0:02:10]} h5 {[%clk 0:00:48]} 35. a4 {[%clk 0:01:37]} Ba6 {[%clk 0:00:51]}
36. Rd7 {[%clk 0:01:30]} Bc4 {[%clk 0:00:42]} 37. a5 {[%clk 0:01:31]} Rc8
{[%clk 0:00:50]} 38. Bd4 {[%clk 0:01:37]} Kf8 {[%clk 0:01:01]} 39. Bf6
{[%clk 0:01:39]} Ke8 {[%clk 0:00:59]} 40. Rd6 {[%clk 0:32:05]} Ra8
{[%clk 0:30:37]} 41. Kd2 {[%clk 0:31:59]} 1-0

[Event "Ekstraliga 2019"]
[Site "Katowice"]
[Date "2019.09.03"]
[Round "7.20"]
[White "Hracek, Zbynek"]
[Black "Bluebaum, Matthias"]
[Result "0-1"]
[BlackElo "2619"]
[WhiteElo "2572"]
[WhiteTeam "KSz Silesia Raciborz"]
[BlackTeam "KSz Stilon Gorzow"]
[LiveChessVersion "1.4.8"]

1. e4 {[%clk 1:30:57]} c6 {[%clk 1:30:55]} 2. d4 {[%clk 1:31:20]} d5
{[%clk 1:31:20]} 3. e5 {[%clk 1:31:43]} Bf5 {[%clk 1:31:36]} 4. Nf3
{[%clk 1:32:06]} e6 {[%clk 1:32:01]} 5. Be2 {[%clk 1:32:33]} Ne7 {[%clk 1:32:25]}
6. O-O {[%clk 1:32:04]} c5 {[%clk 1:32:03]} 7. Na3 {[%clk 1:27:50]} Nec6
{[%clk 1:30:39]} 8. c4 {[%clk 1:26:43]} Be4 {[%clk 1:29:11]} 9. Bg5
{[%clk 1:17:28]} Be7 {[%clk 1:25:43]} 10. Bxe7 {[%clk 1:17:52]} Qxe7
{[%clk 1:26:02]} 11. Nb5 {[%clk 1:11:16]} O-O {[%clk 1:25:50]} 12. dxc5
{[%clk 1:04:49]} Na6 {[%clk 1:15:32]} 13. cxd5 {[%clk 0:53:27]} Bxd5
{[%clk 1:15:20]} 14. Rc1 {[%clk 0:39:57]} Nxc5 {[%clk 1:06:52]} 15. Nd6
{[%clk 0:29:57]} Nxe5 {[%clk 0:50:25]} 16. Nf5 {[%clk 0:29:18]} Qf6
{[%clk 0:49:55]} 17. Nxe5 {[%clk 0:17:04]} Qxf5 {[%clk 0:50:04]} 18. f4
{[%clk 0:09:31]} Qe4 {[%clk 0:46:14]} 19. Rf2 {[%clk 0:07:21]} Rac8
{[%clk 0:45:54]} 20. Qd2 {[%clk 0:07:35]} Qa4 {[%clk 0:39:35]} 21. Qc3
{[%clk 0:07:55]} f6 {[%clk 0:35:15]} 22. Ng4 {[%clk 0:06:01]} Qxa2
{[%clk 0:29:05]} 23. Ne3 {[%clk 0:04:16]} Ne4 {[%clk 0:19:11]} 24. Qxc8
{[%clk 0:04:40]} Rxc8 {[%clk 0:19:39]} 25. Rxc8+ {[%clk 0:05:05]} Kf7
{[%clk 0:20:07]} 26. Rc7+ {[%clk 0:02:30]} Kf8 {[%clk 0:20:33]} 27. Rf1
{[%clk 0:00:43]} Qxb2 {[%clk 0:20:06]} 28. Rc8+ {[%clk 0:01:07]} Ke7
{[%clk 0:20:16]} 0-1

[Event "Ekstraliga 2019"]
[Site "Katowice"]
[Date "2019.09.03"]
[Round "7.22"]
[White "Nasuta, Grzegorz"]
[Black "Tomczak, Mikolaj"]
[Result "1/2-1/2"]
[BlackElo "2432"]
[WhiteElo "2533"]
[WhiteTeam "KSz Silesia Raciborz"]
[BlackTeam "KSz Stilon Gorzow"]
[LiveChessVersion "1.4.8"]

1. e4 {[%clk 1:30:57]} e6 {[%clk 1:30:54]} 2. d4 {[%clk 1:24:45]} d5
{[%clk 1:31:19]} 3. e5 {[%clk 1:25:12]} c5 {[%clk 1:31:38]} 4. c3
{[%clk 1:25:37]} Nc6 {[%clk 1:31:59]} 5. Nf3 {[%clk 1:25:59]} Qb6
{[%clk 1:32:19]} 6. Na3 {[%clk 1:26:15]} cxd4 {[%clk 1:30:41]} 7. cxd4
{[%clk 1:26:19]} Bd7 {[%clk 1:30:22]} 8. Nc2 {[%clk 1:25:24]} Nb4
{[%clk 1:29:56]} 9. Bd2 {[%clk 1:11:31]} Nxc2+ {[%clk 1:24:02]} 10. Qxc2
{[%clk 1:11:53]} Ne7 {[%clk 1:22:14]} 11. Be2 {[%clk 0:57:32]} Bb5
{[%clk 1:20:53]} 12. Qb3 {[%clk 0:42:11]} Bxe2 {[%clk 1:20:41]} 1/2-1/2

[Event "Ekstraliga 2019"]
[Site "Katowice"]
[Date "2019.09.03"]
[Round "7.23"]
[White "Czerwonski, Aleksander"]
[Black "Jakubowski, Krzysztof"]
[Result "1/2-1/2"]
[BlackElo "2518"]
[WhiteElo "2365"]
[WhiteTeam "KSz Stilon Gorzow"]
[BlackTeam "KSz Silesia Raciborz"]
[LiveChessVersion "1.4.8"]

1. d4 {[%clk 1:30:58]} Nf6 {[%clk 1:30:51]} 2. c4 {[%clk 1:31:23]} e6
{[%clk 1:31:14]} 3. Nf3 {[%clk 1:31:43]} Bb4+ {[%clk 1:31:36]} 4. Bd2
{[%clk 1:31:54]} a5 {[%clk 1:31:55]} 5. Nc3 {[%clk 1:30:37]} O-O {[%clk 1:31:20]}
6. Qc2 {[%clk 1:27:13]} d5 {[%clk 1:30:55]} 7. e3 {[%clk 1:25:28]} b6
{[%clk 1:28:12]} 8. cxd5 {[%clk 1:16:10]} exd5 {[%clk 1:28:01]} 9. Bd3
{[%clk 1:16:36]} Bb7 {[%clk 1:24:22]} 10. O-O {[%clk 1:14:32]} Nbd7
{[%clk 1:23:41]} 11. a3 {[%clk 1:08:19]} Bxc3 {[%clk 1:17:49]} 12. Bxc3
{[%clk 1:07:36]} Ne4 {[%clk 1:10:02]} 13. Nd2 {[%clk 1:03:47]} Ndf6
{[%clk 1:03:13]} 14. f3 {[%clk 0:55:05]} Nxd2 {[%clk 1:01:58]} 1/2-1/2

[Event "Ekstraliga 2019"]
[Site "Katowice"]
[Date "2019.09.03"]
[Round "7.24"]
[White "Buksa, Nataliya"]
[Black "Cyfka, Karina"]
[Result "1-0"]
[BlackElo "2413"]
[WhiteElo "2406"]
[WhiteTeam "KSz Silesia Raciborz"]
[BlackTeam "KSz Stilon Gorzow"]
[LiveChessVersion "1.4.8"]

1. e4 {[%clk 1:30:57]} e5 {[%clk 1:30:51]} 2. Nf3 {[%clk 1:31:22]} Nf6
{[%clk 1:31:07]} 3. Nxe5 {[%clk 1:31:29]} d6 {[%clk 1:31:26]} 4. Nf3
{[%clk 1:31:54]} Nxe4 {[%clk 1:31:48]} 5. d4 {[%clk 1:32:22]} d5 {[%clk 1:32:10]}
6. Bd3 {[%clk 1:32:47]} Bd6 {[%clk 1:31:30]} 7. O-O {[%clk 1:33:11]} O-O
{[%clk 1:31:55]} 8. c4 {[%clk 1:33:38]} c6 {[%clk 1:32:19]} 9. Qc2
{[%clk 1:34:04]} Na6 {[%clk 1:28:47]} 10. a3 {[%clk 1:34:23]} Bg4
{[%clk 1:27:32]} 11. Ne5 {[%clk 1:34:04]} Bxe5 {[%clk 1:23:40]} 12. dxe5
{[%clk 1:34:29]} Nac5 {[%clk 1:23:58]} 13. f3 {[%clk 1:34:47]} Nxd3
{[%clk 1:23:40]} 14. Qxd3 {[%clk 1:35:13]} Nc5 {[%clk 1:24:02]} 15. Qd4
{[%clk 1:35:39]} Nb3 {[%clk 1:24:27]} 16. Qxg4 {[%clk 1:36:06]} Nxa1
{[%clk 1:24:53]} 17. Bh6 {[%clk 1:36:32]} g6 {[%clk 1:23:14]} 18. Bxf8
{[%clk 1:36:58]} Qxf8 {[%clk 1:14:28]} 19. cxd5 {[%clk 1:37:23]} cxd5
{[%clk 1:10:10]} 20. Nc3 {[%clk 1:22:28]} Nc2 {[%clk 1:04:25]} 21. Rf2
{[%clk 1:14:39]} Qc5 {[%clk 1:00:18]} 22. Qd7 {[%clk 1:08:34]} Qe3
{[%clk 0:54:51]} 23. f4 {[%clk 1:02:53]} Qe1+ {[%clk 0:39:03]} 24. Rf1
{[%clk 1:03:19]} Qe3+ {[%clk 0:39:30]} 25. Kh1 {[%clk 0:38:03]} d4
{[%clk 0:39:31]} 26. Qxb7 {[%clk 0:38:27]} Rf8 {[%clk 0:32:09]} 27. Ne4
{[%clk 0:26:40]} d3 {[%clk 0:20:32]} 28. e6 {[%clk 0:26:54]} d2 {[%clk 0:14:04]}
29. e7 {[%clk 0:26:26]} Re8 {[%clk 0:04:02]} 30. Qd7 {[%clk 0:26:06]} Rxe7
{[%clk 0:01:58]} 31. Qxe7 {[%clk 0:26:32]} Qd3 {[%clk 0:01:43]} 32. Qe8+
{[%clk 0:24:27]} Kg7 {[%clk 0:02:08]} 33. Qe5+ {[%clk 0:24:54]} Kh6
{[%clk 0:01:45]} 34. Nxd2 {[%clk 0:20:19]} Qxd2 {[%clk 0:02:05]} 35. Qc3
{[%clk 0:20:46]} Qe2 {[%clk 0:02:20]} 36. Qf3 {[%clk 0:21:13]} Qb5
{[%clk 0:01:55]} 37. Qh3+ {[%clk 0:20:50]} Kg7 {[%clk 0:02:19]} 38. Qc3+
{[%clk 0:21:16]} Kh6 {[%clk 0:02:45]} 39. Rc1 {[%clk 0:21:35]} 1-0

[Event "Ekstraliga 2019"]
[Site "Katowice"]
[Date "2019.09.03"]
[Round "7.25"]
[White "Heberla, Bartlomiej"]
[Black "Kempinski, Robert"]
[Result "1/2-1/2"]
[BlackElo "2579"]
[WhiteElo "2552"]
[WhiteTeam "Baszta MOS Znin"]
[BlackTeam "KSz Miedz Legnica"]
[LiveChessVersion "1.4.8"]

1. e4 {[%clk 1:30:55]} c5 {[%clk 1:30:43]} 2. Nf3 {[%clk 1:31:20]} d6
{[%clk 1:30:36]} 3. d4 {[%clk 1:31:33]} cxd4 {[%clk 1:30:52]} 4. Nxd4
{[%clk 1:31:57]} Nf6 {[%clk 1:31:00]} 5. Nc3 {[%clk 1:32:25]} a6 {[%clk 1:30:56]}
6. Be2 {[%clk 1:32:38]} e6 {[%clk 1:30:00]} 7. O-O {[%clk 1:31:15]} Be7
{[%clk 1:29:40]} 8. f4 {[%clk 1:31:36]} O-O {[%clk 1:29:14]} 9. Be3
{[%clk 1:31:10]} Nc6 {[%clk 1:26:03]} 10. Qe1 {[%clk 1:31:00]} Nxd4
{[%clk 1:20:25]} 11. Bxd4 {[%clk 1:31:00]} b5 {[%clk 1:20:32]} 12. a3
{[%clk 1:31:22]} Bb7 {[%clk 1:20:43]} 13. Qg3 {[%clk 1:31:45]} g6
{[%clk 1:17:57]} 14. Bf3 {[%clk 1:24:24]} a5 {[%clk 1:16:54]} 15. Rad1
{[%clk 1:14:22]} b4 {[%clk 1:12:04]} 16. e5 {[%clk 1:13:37]} Bxf3
{[%clk 1:11:35]} 17. Qxf3 {[%clk 1:11:41]} bxc3 {[%clk 1:11:20]} 18. exf6
{[%clk 1:12:03]} Bxf6 {[%clk 1:11:41]} 19. Qxc3 {[%clk 1:12:19]} Bxd4+
{[%clk 1:11:40]} 20. Qxd4 {[%clk 1:06:57]} 1/2-1/2